[Event "Lugano op"]
[Site "Lugano"]
[Date "1989.03.05"]
[Round "3"]
[White "Verat, Laurent"]
[Black "Kraehenbuehl, Gerhard"]
[Result "1/2-1/2"]
[WhiteElo "2235"]
[BlackElo "2250"]
[PlyCount "80"]
[EventDate "1989.03.03"]
[EventType "swiss"]
[EventRounds "9"]
[EventCountry "SUI"]
[SourceTitle "TD"]
[Source "ChessBase"]
[SourceDate "1994.03.01"]
[SourceVersion "1"]
[SourceVersionDate "1994.03.01"]
[SourceQuality "1"]

1. d4 Nf6 2. c4 g6 3. Nf3 Bg7 4. Nc3 0-0 5. e4 d6 6. Be3 Bg4 7. h3 Bxf3 8. Qxf3 Nfd7 9. Rd1 Nc6 10. d5 Bxc3+ 11. bxc3 Nde5 12. Qg3 Na5 13. Bh6 Re8 14. h4 Nexc4 15. h5 e6 16. Rh4 exd5 17. Rxd5 c6 18. Rd4 d5 19. Be2 Rc8 20. hxg6 fxg6 21. Bg4 c5 22. Bf5 Rc6 23. Rg4 Ne5 24. Rxd5 Qxd5 25. exd5 Nxg4+ 26. Be6+ Rcxe6+ 27. dxe6 Nxh6 28. Kf1 Rxe6 29. Qb8+ Kg7 30. Qc7+ Nf7 31. Qxa5 Ra6 32. Qxc5 Rxa2 33. Qd4+ Kg8 34. g3 b6 35. Kg2 Ra5 36. g4 h5 37. Qe4 Kg7 38. gxh5 Rxh5 39. Qd4+ Kg8 40. Qf6 Rh6 1/2-1/2

[Event "Lugano op"]
[Site "Lugano"]
[Date "1989.03.03"]
[Round "1"]
[White "Antonio, Rogelio Jr"]
[Black "Kraehenbuehl, Gerhard"]
[Result "1-0"]
[WhiteElo "2410"]
[BlackElo "2250"]
[PlyCount "93"]
[EventDate "1989.03.03"]
[EventType "swiss"]
[EventRounds "9"]
[EventCountry "SUI"]
[SourceTitle "TD"]
[Source "ChessBase"]
[SourceDate "1994.03.01"]
[SourceVersion "1"]
[SourceVersionDate "1994.03.01"]
[SourceQuality "1"]

1. e4 c5 2. c3 Nf6 3. e5 Nd5 4. Nf3 d6 5. d4 cxd4 6. cxd4 Nc6 7. Bc4 dxe5 8. Nxe5 e6 9. 0-0 Nb6 10. Bb5 Bd7 11. Nc3 Rc8 12. Be3 Bb4 13. Qg4 0-0 14. Nxd7 Nxd7 15. Rfd1 Nf6 16. Qf3 Bxc3 17. bxc3 Qd5 18. Qe2 Na5 19. Rac1 Nc4 20. Ba4 Rfd8 21. Bb3 h6 22. Re1 Qc6 23. Bf4 Rd5 24. Be5 Nd7 25. Bg3 a5 26. Bc2 Nd6 27. Bxd6 Rxd6 28. Be4 Qc7 29. Qb2 b6 30. g3 Nf6 31. Bf3 Nd5 32. c4 Nb4 33. Red1 Rcd8 34. a3 Nc6 35. c5 bxc5 36. dxc5 Rxd1+ 37. Rxd1 Rb8 38. Qc3 a4 39. Be4 f5 40. Bc2 e5 41. Bxf5 Qf7 42. Be4 Nd4 43. Kg2 Rb3 44. Qa5 Qf8 45. c6 Rb2 46. Rd2 Rxd2 47. Qxd2 1-0

[Event "Luzern"]
[Site "Luzern"]
[Date "1989.??.??"]
[Round "?"]
[White "Huss, Andreas"]
[Black "Kraehenbuehl, Gerhard"]
[Result "0-1"]
[WhiteElo "2355"]
[BlackElo "2275"]
[PlyCount "82"]
[EventDate "1989.10.??"]
[EventType "tourn"]
[EventRounds "11"]
[EventCountry "SUI"]
[EventCategory "8"]
[SourceTitle "CBM 016"]
[Source "ChessBase"]
[SourceDate "1990.06.01"]
[SourceVersion "1"]
[SourceVersionDate "1990.06.01"]
[SourceQuality "1"]

1. d4 Nf6 2. Nf3 g6 3. c4 Bg7 4. Nc3 0-0 5. e4 d6 6. Be2 e5 7. d5 a5 8. 0-0 Na6 9. Ne1 Nc5 10. f3 Nh5 11. g3 Qe7 12. Nd3 Nf6 13. Nf2 Ne8 14. Be3 f5 15. exf5 gxf5 16. Qd2 Nf6 17. Rae1 Kh8 18. Bd1 Na6 19. f4 e4 20. Kh1 Bd7 21. Rg1 c6 22. a4 c5 23. h3 h5 24. Rg2 Kg8 25. Be2 Kf7 26. Rh2 Rh8 27. Rg1 Nb4 28. Rgg2 Rag8 29. Qd1 Ke8 30. Nb5 Kd8 31. Qb3 Bxb5 32. axb5 Nd7 33. Nd1 Bd4 34. Kg1 Qf6 35. Kf2 Nb6 36. Bxd4 cxd4 37. Kg1 d3 38. Bf1 Qd4+ 39. Kh1 Nxc4 40. Qc3 Qxc3 41. bxc3 Nxd5 0-1

[Event "Luzern"]
[Site "Luzern"]
[Date "1989.??.??"]
[Round "?"]
[White "King, Daniel J"]
[Black "Kraehenbuehl, Gerhard"]
[Result "1/2-1/2"]
[WhiteElo "2495"]
[BlackElo "2275"]
[PlyCount "40"]
[EventDate "1989.10.??"]
[EventType "tourn"]
[EventRounds "11"]
[EventCountry "SUI"]
[EventCategory "8"]
[SourceTitle "CBM 016"]
[Source "ChessBase"]
[SourceDate "1990.06.01"]
[SourceVersion "1"]
[SourceVersionDate "1990.06.01"]
[SourceQuality "1"]

1. e4 c5 2. Nf3 d6 3. d4 cxd4 4. Nxd4 Nf6 5. Nc3 g6 6. Be2 Bg7 7. 0-0 0-0 8. Bg5 Nc6 9. Nb3 Be6 10. f4 b5 11. Bf3 b4 12. Nd5 Bxd5 13. exd5 Na5 14. Qe2 Qb6+ 15. Kh1 Rac8 16. Nxa5 Qxa5 17. a3 Rc7 18. axb4 Qxb4 19. c3 Qc5 20. Qd2 Rb8 1/2-1/2

[Event "Luzern"]
[Site "Luzern"]
[Date "1989.??.??"]
[Round "?"]
[White "Klinger, Josef"]
[Black "Kraehenbuehl, Gerhard"]
[Result "1-0"]
[WhiteElo "2475"]
[BlackElo "2275"]
[PlyCount "69"]
[EventDate "1989.10.??"]
[EventType "tourn"]
[EventRounds "11"]
[EventCountry "SUI"]
[EventCategory "8"]
[SourceTitle "CBM 016"]
[Source "ChessBase"]
[SourceDate "1990.06.01"]
[SourceVersion "1"]
[SourceVersionDate "1990.06.01"]
[SourceQuality "1"]

1. Nf3 Nf6 2. c4 g6 3. Nc3 Bg7 4. d4 0-0 5. e4 d6 6. h3 e5 7. d5 a5 8. Be3 Na6 9. Nd2 Kh8 10. g4 Ng8 11. h4 f5 12. gxf5 gxf5 13. exf5 Bxf5 14. Nde4 b6 15. Bh3 Nc5 16. Bxf5 Rxf5 17. Qc2 Qd7 18. Ng5 Bh6 19. 0-0-0 Raf8 20. Kb1 R5f6 21. Bxc5 bxc5 22. Nce4 Bxg5 23. hxg5 Rf3 24. g6 h6 25. Ng5 Rxf2 26. Nf7+ R8xf7 27. gxf7 Qxf7 28. Rd2 Rf1+ 29. Rxf1 Qxf1+ 30. Rd1 Qf4 31. Qa4 Nf6 32. Qxa5 Qe4+ 33. Ka1 Qxc4 34. Qxc7 Ne4 35. Rg1 1-0

[Event "Luzern"]
[Site "Luzern"]
[Date "1989.??.??"]
[Round "?"]
[White "Kraehenbuehl, Gerhard"]
[Black "Nijboer, Friso"]
[Result "0-1"]
[WhiteElo "2275"]
[BlackElo "2475"]
[PlyCount "76"]
[EventDate "1989.10.??"]
[EventType "tourn"]
[EventRounds "11"]
[EventCountry "SUI"]
[EventCategory "8"]
[SourceTitle "CBM 016"]
[Source "ChessBase"]
[SourceDate "1990.06.01"]
[SourceVersion "1"]
[SourceVersionDate "1990.06.01"]
[SourceQuality "1"]

1. c4 g6 2. g3 Bg7 3. Bg2 d6 4. Nc3 f5 5. d4 Nf6 6. d5 0-0 7. Nh3 Na6 8. 0-0 Nc5 9. Rb1 a5 10. Nf4 e5 11. dxe6 c6 12. Qc2 Nxe6 13. Rd1 Nc5 14. b3 Qe7 15. Bb2 g5 16. Nd3 Nce4 17. e3 h5 18. Re1 h4 19. gxh4 Nh5 20. hxg5 Qxg5 21. f4 Qg6 22. Nxe4 fxe4 23. Nf2 Rf7 24. Kh1 d5 25. cxd5 cxd5 26. Nh3 Bxb2 27. Qxb2 Ng3+ 28. hxg3 Rh7 29. Kh2 Bxh3 30. Bxh3 Qg4 31. Qg2 Ra6 32. Kg1 Rxh3 33. Kf2 Rah6 34. Rh1 Rxh1 35. Rxh1 Rc6 36. Ke1 Qc8 37. Qd2 Rc1+ 38. Kf2 Rc2 0-1

[Event "Zuerich op 12th"]
[Site "Zuerich"]
[Date "1988.??.??"]
[Round "5"]
[White "Klauser, Markus"]
[Black "Kraehenbuehl, Gerhard"]
[Result "0-1"]
[WhiteElo "2305"]
[BlackElo "2260"]
[PlyCount "62"]
[EventDate "1988.12.26"]
[EventType "swiss"]
[EventRounds "7"]
[EventCountry "SUI"]
[SourceTitle "EXT 1997"]
[Source "ChessBase"]
[SourceDate "1996.11.15"]
[SourceVersion "1"]
[SourceVersionDate "1996.11.15"]
[SourceQuality "1"]

1. f4 g6 2. Nf3 Bg7 3. g3 e6 4. Bg2 c5 5. 0-0 Nc6 6. d3 Nge7 7. e4 d6 8. c4 0-0 9. Nc3 Nd4 10. Nxd4 cxd4 11. Ne2 Rb8 12. Bd2 Bd7 13. a4 f5 14. Qb3 Kh8 15. Bb4 Bc6 16. Qa3 Nc8 17. e5 dxe5 18. Bxf8 Bxf8 19. Qb3 e4 20. Kh1 a5 21. Qc2 e3 22. Ng1 Nd6 23. b4 axb4 24. c5 Ne8 25. Bxc6 bxc6 26. Qc4 Qd5+ 27. Qxd5 exd5 28. Nf3 Nc7 29. Nxd4 Bg7 30. Nxc6 Bxa1 31. Nxb8 Bc3 0-1